00721nas a2200217 450000500170000000800410001702200130005808200410007110000310011210000310014324500950017426000150026926000320028426000090031630000200032544000270034565000270037265000120039965000270041177300650043820181003094023.0181003b xxu||||| |||| 00| 0 spa d a16593359 aTEC Empresarial Vol. 12, N° 2, 2018 aMartínez Solís, Keller aVásquez Esquivel, Ivonne aEl rol de la gerencia en la adopción del comercio: el caso de las mipymes costarricenses aCosta Rica bTecnológica de Costa Rica c2018 a45-53 páginas aTEC Empresarialn2v12 aCOMERCIO ELECTRÓNICO aMIPYMES aPAÍSES EN DESARROLLO0 08043abdCosta RicaoTE18212tTEC Empresarialwx16592395z